Face recognition a challenge in biometrics (Record no. 582368)

000 -LEADER
fixed length control field 00525nam a22001937a 4500
003 - CONTROL NUMBER IDENTIFIER
control field CEME
005 - DATE AND TIME OF LATEST TRANSACTION
control field 20210628205806.0
008 - FIXED-LENGTH DATA ELEMENTS--GENERAL INFORMATION
fixed length control field 210115b xxu||||| |||| 00| 0 eng d
020 ## - INTERNATIONAL STANDARD BOOK NUMBER
International Standard Book Number 9783844302783
040 ## - CATALOGING SOURCE
Transcribing agency .
082 ## - DEWEY DECIMAL CLASSIFICATION NUMBER
Classification number 006.37 MUH
100 ## - MAIN ENTRY--PERSONAL NAME
Personal name Muhammad almas anjum
9 (RLIN) 77043
245 ## - TITLE STATEMENT
Title Face recognition a challenge in biometrics
260 ## - PUBLICATION, DISTRIBUTION, ETC.
Place of publication, distribution, etc. GERMANY
Name of publisher, distributor, etc. LAMBERT
Date of publication, distribution, etc. 2011
300 ## - PHYSICAL DESCRIPTION
Extent IX, 170P
650 ## - SUBJECT ADDED ENTRY--TOPICAL TERM
Topical term or geographic name entry element IMAGE RESOLUTION ISSUES IN FACE RECOGNITION
9 (RLIN) 77044
700 ## - ADDED ENTRY--PERSONAL NAME
Personal name Younus Javed
9 (RLIN) 77045
942 ## - ADDED ENTRY ELEMENTS (KOHA)
Koha item type Book
Source of classification or shelving scheme
Holdings
Withdrawn status Lost status Damaged status Not for loan Permanent Location Current Location Shelving location Date acquired Total Checkouts Full call number Barcode Date last seen Price effective from Koha item type
        College of Electrical & Mechanical Engineering (CEME) College of Electrical & Mechanical Engineering (CEME) General Stacks 02/24/2017   006.37 MUH CEME-45992 06/28/2021 06/28/2021 Book
        College of Electrical & Mechanical Engineering (CEME) College of Electrical & Mechanical Engineering (CEME) General Stacks 02/24/2017   006.37 MUH CEME-45993 06/28/2021 06/28/2021 Book
        College of Electrical & Mechanical Engineering (CEME) College of Electrical & Mechanical Engineering (CEME) General Stacks 02/24/2017   006.37 MUH CEME-45994 06/28/2021 06/28/2021 Book
        College of Electrical & Mechanical Engineering (CEME) College of Electrical & Mechanical Engineering (CEME) General Stacks 02/24/2017   006.37 MUH CEME-45995 06/28/2021 06/28/2021 Book
© 2023 Central Library, National University of Sciences and Technology. All Rights Reserved.